000 01309cam a2200349 a 4500
999 _c9999
_d9999
001 194731
003 OSt
005 20200104115024.0
008 990128s1999 ii b 001 0 eng
010 _a 98909706
020 _a8173912815
025 _aI-E-98-909706; 63-91
037 _bLibrary of Congress -- New Delhi Field Office
_cRs495.00
040 _aDLC
_coclc
_dDLC
042 _alcode
043 _aa-ii---
050 0 0 _aJS7008
_b.P285 1999
082 0 0 _a320.80954
_221
_bGHO/P
245 0 0 _aPanchayat System In India :
_bHistorical, Constitutional, and Financial Analysis /
_c Ratna Ghosh ; Alok Kumar Pramanik
260 _aNew Delhi :
_bKanishka Publishers, Distributors,
_c1999.
300 _a244 p
_c22 cm.
504 _aIncludes bibliographical references and index.
520 _aContributed articles.
650 0 _aPanchayat
_zIndia.
650 0 _aLocal government
_zIndia.
700 1 _aGhosh, Ratna,
_d1959-
_91075
700 1 _aPramanik, Alok Kumar,
_d1954-
_91077
856 4 1 _3Table of contents only
_uhttp://www.loc.gov/catdir/toc/fy0709/98909706.html
906 _a7
_bcbc
_corigode
_d3
_encip
_f19
_gy-gencatlg
942 _2ddc
_cBK
_h320.80954
_iGHO/P
_k320.80954
_mGHO/P